000 00427nam a22001817a 4500
003 koha_MIRAKIL
005 20231213095452.0
008 231213b |||||||| |||| 00| 0 ||| d
020 _b978-9-75289236-1
040 _aTR-IsEVY
_btur
_cTR-IsEVY
082 _a810 KUL/B
100 _aKULİN, AYŞE.
245 0 _aBİR GÜN.
260 _bEverest,
_c2013
300 _a202.
650 _aTürk Edebiyatı.
942 _2ddc
_cBK
999 _c4132
_d4132